Normal view
MARC view
- ابراهيم، عبدالمطلب/ م مشارك احمد عزت
Entry Personal Name
001 - CONTROL NUMBER
- control field: 9466
003 - CONTROL NUMBER IDENTIFIER
- control field: JO-AjAnu
005 - DATE AND TIME OF LATEST TRANSACTION
- control field: 20230606071825.0
008 - FIXED-LENGTH DATA ELEMENTS
- fixed length control field: 230606|| aca||aabn | a|a d
040 ## - CATALOGING SOURCE
- Original cataloging agency: JO-AjAnu
- Transcribing agency: JO-AjAnu
100 ## - HEADING--PERSONAL NAME
- Personal name: ابراهيم، عبدالمطلب/ م مشارك احمد عزت
670 ## - SOURCE DATA FOUND
- Source citation: Work cat.: (JO-AjAnu)4884: ابراهيم، عبدالمطلب/ م مشارك احمد عزت , author, رياضيات متقدمة للدراسات الهندسية، ج2